书目信息 |
| 题名: |
胡同里的姑奶奶
|
|
| 作者: | 定宜庄 著 | |
| 分册: | ||
| 出版信息: | 北京 北京出版社 2017.02 |
|
| 页数: | 267页 | |
| 开本: | 24cm | |
| 丛书名: | 北京口述历史 | |
| 单 册: | ||
| 中图分类: | D442.81 , K291 | |
| 科图分类: | ||
| 主题词: | 妇女--fu nv--社会生活--北京--史料 , 中国--地方史 , 中国--地方志 | |
| 电子资源: | ||
| ISBN: | 978-7-200-12285-5 | |
| 000 | 01060nam 2200313 450 | |
| 001 | CAL 0120161946636 | |
| 005 | 20171222143737.68 | |
| 010 | @a978-7-200-12285-5@b@dCNY78.00 | |
| 100 | @a20170214d2017 em y0chiy50 ea | |
| 101 | 0 | @achi |
| 102 | @aCN@b110000 | |
| 105 | @aa z 000yy | |
| 106 | @ar | |
| 200 | 1 | @a胡同里的姑奶奶@Ahu tong li de gu nai nai@f定宜庄著@g |
| 210 | @a北京@c北京出版社@d2017.02 | |
| 215 | @a267页@c图@d24cm | |
| 225 | 2 | @a北京口述历史@Abei jing kou shu li shi |
| 314 | @a定宜庄, 历史学博士, 中国社会科学院历史研究所研究员, 博士生导师等。 | |
| 330 | @a本书走访了祁淑洪、李清莲、胡玉明等满族旗人妇女, 运用口述史料与文献考证相结合的方式, 将女性视角下老北京内城百年来的兴衰更迭生动地呈现在读者面前。 | |
| 410 | 0 | @12001 @a北京口述历史 |
| 606 | 0 | @a妇女@Afu nv@x社会生活@y北京@x史料 |
| 606 | 0 | @a中国@x地方史 |
| 606 | 0 | @a中国@x地方志 |
| 690 | @aD442.81@v5 | |
| 690 | @aK291@v5 | |
| 701 | 0 | @a定宜庄@Ading yi zhuang@4著 |
| 801 | 0 | @aCN@b人天书店@c20170214@g |
| 905 | @aBZT@dK291@e9 | |
| 906 | @dCNY78.00@n3@r1 | |
| 胡同里的姑奶奶/定宜庄著.-北京:北京出版社,2017.02 |
| 267页:图;24cm.-(北京口述历史) |
| ISBN 978-7-200-12285-5:CNY78.00 |
| 本书走访了祁淑洪、李清莲、胡玉明等满族旗人妇女, 运用口述史料与文献考证相结合的方式, 将女性视角下老北京内城百年来的兴衰更迭生动地呈现在读者面前。 |
| ● |
| 相关链接 |
|
|
|
正题名:胡同里的姑奶奶
索取号:K291/9
 
预约/预借
| 序号 | 登录号 | 条形码 | 馆藏地/架位号 | 状态 | 备注 |
| 1 | 834600 | 2000834600 | 第二书库/ [索取号:K291/9] | 在馆 | |
| 2 | 834601 | 2000834601 | 第二书库/ [索取号:K291/9] | 在馆 | |
| 3 | 834602 | 2000834602 | 第二书库/ [索取号:K291/9] | 在馆 |